| 000 | 00859nmc a2200289 a 4500 | ||
|---|---|---|---|
| 003 | AR-BaBNM | ||
| 005 | 20251128203310.0 | ||
| 008 | 306019s1993 ||||||||||||||000 | spa|| | ||
| 040 | _cAR-BaBNM | ||
| 100 | 1 | _aQuiroga, Horacio | |
| 245 | 1 | 0 |
_aCuentos de la selva _bpara los niños |
| 260 |
_aBuenos Aires _bStella _bBruño _c1993 |
||
| 300 | 0 |
_a159 p. _bil. |
|
| 490 | 0 |
_aAlta mar. Cuentos _vv. 9 |
|
| 500 | 0 | _aContiene biografía de los autores | |
| 500 | 1 | _aActividades, reflexiones y opiniones sobre el texto | |
| 500 | 0 | _aViene acompañado de libro de actividades | |
| 650 | 4 | _aLITERATURA INFANTIL | |
| 650 | 4 | _aENSENANZA DE LA LECTURA | |
| 650 | 4 | _aACTIVIDADES DE APRENDIZAJE | |
| 650 | 4 | _aCUENTOS DE ANIMALES | |
| 650 | 4 | _aLITERATURA POPULAR | |
| 655 | _aLITERATURA | ||
| 700 | 1 | _aGarcía Saéz, Adolfo | |
| 942 | _cBK | ||
| 998 | _cisola | ||
| 999 |
_c2777 _d2777 |
||